Per Barcelona / Pasqual Maragall
ISBN:
84-297-2609-8
Descripción Física:
251 p. ; 20 cm
Colección:
Cara i creu ; 52
MARC
| LEADER | 00000nam a2200000Ia 4500 | ||
|---|---|---|---|
| 001 | 18777 | ||
| 008 | 160829s1987 xx 000 0 cat d | ||
| 020 | |a 84-297-2609-8 | ||
| 080 | |a M-5-392 | ||
| 100 | |a Maragall, Pasqual, |d 1941- |9 1678 | ||
| 245 | |a Per Barcelona / Pasqual Maragall | ||
| 260 | |a Barcelona : |b Edicions 62, |c 1987 | ||
| 300 | |a 251 p. ; |c 20 cm | ||
| 490 | |a Cara i creu ; 52 | ||
| 650 | |a Partit dels Socialistes de Catalunya (PSC-PSOE) |9 45991 | ||
| 650 | |a Barcelona |x Història |x S. XX |9 45971 | ||
| 650 | |a Barcelona |x Política i govern |x Assaigs, conferències, etc. |9 43751 | ||
| 651 | 0 | |a Barcelona (Catalunya : Província) |x Condicions socials |9 72082 | |
| 901 | |a Arxiu | ||
| 942 | |n 1 | ||
| 952 | |0 0 |1 0 |4 0 |6 M5392 |7 1 |9 52914 |a Arxiu |b Arxiu |d 2016-12-01 |l 0 |o M-5-392 |p 18777 |r 2016-12-01 00:00:00 |w 2016-12-01 |y ARXIU | ||
| 999 | |c 56763 |d 56763 | ||